000 00339nam a2200157Ia 4500
003 OSt
005 20240125095344.0
008 170524s9999 xx 000 0 und d
020 _a9788123914480
040 _ciimtu
100 _aHusain- Ashfaq
245 0 _aElectrical Power System
260 _bCBS
260 _c2010
942 _2ddc
_c02
999 _c5843
_d5843